000 00835nam a2200253Ia 4500
003 OSt
005 20220923221026.0
006 a|||||r|||| 00| 0
007 ta
008 220922b |||||||| |||| 00| 0 hin d
024 _a193,911
037 _cTextual
040 _aARTS
_cARTS
_bhin
041 _2hin
_ahin
082 _aO152,3:g, N1
100 _aशर्मा, रत्नलाल
_9156279
245 0 _aकहानी के नए सीमांत
246 _aKahānī ke nae sīmāanta
260 _aदिल्ली
_b दीर्घा साहित्य संस्थान
_c1991
300 _a144पृ.
_ccm.
650 _aहिन्दी साहित्य
_9156264
942 _hO152,3:g, N1
_cTEXL
_2CC
999 _c346328
_d346328